Footballeurs en D - Statistiques

Statistiques générales
  • Ce quiz a été pris 131 fois
  • Le résultat moyen est 12 sur 20
Statistiques - réponses
Par images Réponse % Correct
Di Maria
99%
Deschamps
98%
Donnarumma
98%
Draxler
92%
Diaz
84%
Doku
81%
Deco
76%
Diarra
74%
Davids
73%
Dzeko
69%
De Rossi
68%
Douchez
48%
Dhorasoo
38%
Di Meco
36%
Diabaté
30%
Darcheville
28%
Diomède
25%
Danzé
24%
Denilson
20%
Djétou
3%
Aucun quiz correspondant
Distribution des résultats
% des personnes avec chaque résultat
Percentile par nombre de réponses
Votre historique - résultats
Vous n’avez pas pris ce quiz